[Event "GER-ch53 V11 email"]
[Site "GER email"]
[Date "2021.04.21"]
[Round "?"]
[White "Gruhn, Thomas"]
[Black "Ries, Berthold"]
[Result "1/2-1/2"]
[WhiteElo "2009"]
[BlackElo "2110"]
[PlyCount "65"]
[EventDate "2021.04.21"]
[EventType "tourn (corr)"]
[EventRounds "10"]
[EventCountry "GER"]
[SourceTitle "Corr 2024"]
[Source "ChessBase"]
[SourceDate "2023.10.19"]
[SourceVersion "1"]
[SourceVersionDate "2023.10.19"]
[SourceQuality "1"]

1. e4 c5 2. Nf3 d6 3. d4 cxd4 4. Nxd4 Nf6 5. Nc3 a6 6. Qd3 e6 7. a4 Nc6 8. Nxc6 bxc6 9. Qg3 h5 10. h4 Be7 11. Be2 e5 12. Bg5 0-0 13. a5 Be6 14. b3 Re8 15. 0-0 Ng4 16. Bxe7 Qxe7 17. Rfe1 Kh7 18. Ra4 g6 19. Rb4 Nf6 20. Qg5 d5 21. Rb6 Qc5 22. Qxf6 Qxc3 23. Rf1 Qxc2 24. Bxa6 d4 25. Bb7 Rxa5 26. Bxc6 Rf8 27. b4 Ra7 28. Qxe5 Bc4 29. Rb8 Rxb8 30. Qxb8 Qe2 31. Rc1 Qd2 32. Qxa7 Qxc1+ 33. Kh2 1/2-1/2

[Event "GER HS-243 email"]
[Site "GER email"]
[Date "2018.08.13"]
[Round "?"]
[White "Dahm, Winfried Karl"]
[Black "Gruhn, Thomas"]
[Result "0-1"]
[WhiteElo "1810"]
[BlackElo "1950"]
[PlyCount "122"]
[EventDate "2018.08.22"]
[EventType "tourn (corr)"]
[EventRounds "6"]
[EventCountry "GER"]
[SourceTitle "Corr 2022"]
[Source "ChessBase"]
[SourceDate "2021.10.24"]
[SourceVersion "1"]
[SourceVersionDate "2021.10.24"]
[SourceQuality "1"]

1. e4 c6 2. d4 d5 3. e5 Bf5 4. Nf3 e6 5. Be2 Ne7 6. c3 Nd7 7. 0-0 c5 8. dxc5 Nxc5 9. Be3 Nc6 10. Nd4 Bg6 11. Bb5 a6 12. Nxc6 Qd7 13. Bxa6 bxa6 14. Bxc5 Bxc5 15. Nd4 Rb8 16. b4 Bb6 17. Nd2 0-0 18. N2b3 Rfc8 19. Rc1 Rc4 20. Qd2 h6 21. Rfe1 Rbc8 22. Re3 Qa4 23. Rg3 Kh7 24. h3 Qa3 25. Rg4 Be4 26. Ne2 Bc7 27. Rf4 Kg8 28. f3 Bg6 29. Rxc4 dxc4 30. Nbd4 Rd8 31. f4 a5 32. b5 Bb6 33. Kh2 Rd5 34. Rf1 Be4 35. Rf2 Qa4 36. Qe3 Bd3 37. Qg3 Bxe2 38. Rxe2 Bxd4 39. cxd4 Qxb5 40. Qe3 Qb1 41. Kg3 Qd1 42. Rd2 Qc1 43. Re2 Qa1 44. Rd2 g6 45. Kf2 Kg7 46. Qe1 Qc3 47. Qd1 Rb5 48. Qc2 Qb4 49. Rd1 Rb7 50. Rc1 Qa3 51. Qxc4 Rb4 52. Rc3 Qa4 53. Qe2 Rxd4 54. g3 Qd7 55. Rc2 Rd1 56. Qc4 Rb1 57. Kf3 Qd1+ 58. Qe2 Qd5+ 59. Ke3 Rg1 60. Qf2 Rd1 61. Qe2 h5 0-1

[Event "GER OS-328 email"]
[Site "GER email"]
[Date "2017.09.10"]
[Round "?"]
[White "Gruhn, Thomas"]
[Black "Guenther, Rainer"]
[Result "1-0"]
[WhiteElo "1931"]
[BlackElo "1358"]
[PlyCount "59"]
[EventDate "2017.09.14"]
[EventType "tourn (corr)"]
[EventRounds "6"]
[EventCountry "GER"]
[SourceTitle "Corr 2020"]
[Source "ChessBase"]
[SourceDate "2019.09.30"]
[SourceVersion "1"]
[SourceVersionDate "2019.09.30"]
[SourceQuality "1"]

1. e4 e5 2. Nf3 Nc6 3. Bb5 d6 4. d4 Bd7 5. d5 Nb8 6. Bxd7+ Nxd7 7. 0-0 Be7 8. c4 Ngf6 9. Nc3 Nc5 10. Qc2 a5 11. Be3 Ncd7 12. h3 0-0 13. Rad1 b6 14. Rfe1 Nc5 15. a3 Qd7 16. b4 axb4 17. axb4 Na4 18. Nb5 Ra6 19. Rd3 c6 20. dxc6 Qxc6 21. Nxd6 b5 22. c5 Nd7 23. Qd2 Rd8 24. Rd1 Nf8 25. Nxe5 Qa8 26. Nexf7 Bxd6 27. Nh6+ gxh6 28. Qa2+ Kg7 29. Bd4+ Kg6 30. Qg8+ 1-0

[Event "GER MS-062 email"]
[Site "GER email"]
[Date "2008.09.29"]
[Round "?"]
[White "Gruhn, Thomas"]
[Black "Rau, Manfred"]
[Result "0-1"]
[WhiteElo "2034"]
[BlackElo "2027"]
[PlyCount "86"]
[EventDate "2008.10.05"]
[EventType "tourn (corr)"]
[EventRounds "6"]
[EventCountry "GER"]
[SourceTitle "Corr 2011"]
[Source "ChessBase"]
[SourceDate "2010.08.31"]
[SourceVersion "1"]
[SourceVersionDate "2010.08.31"]
[SourceQuality "1"]

1. e4 e5 2. Nf3 Nc6 3. Bb5 Nf6 4. 0-0 Nxe4 5. d4 Nd6 6. Bxc6 dxc6 7. dxe5 Nf5 8. Qxd8+ Kxd8 9. Nc3 Ne7 10. h3 h6 11. a3 Bf5 12. Re1 Bxc2 13. e6 Bb3 14. exf7 Bxf7 15. Ne5 Bb3 16. Ne4 b6 17. Bd2 Kc8 18. Bb4 Nd5 19. Nxc6 Nxb4 20. axb4 Kb7 21. b5 a5 22. Rac1 Re8 23. Re3 Bd5 24. Rce1 Ra8 25. Rc1 h5 26. g3 Rh6 27. Nd4 Rd8 28. Ng5 Bb4 29. Nge6 Rd7 30. Re5 Bxe6 31. Nxe6 Rf6 32. Rc2 Bd6 33. Re4 Rf5 34. Nd4 Re5 35. Ree2 Rd5 36. Re4 Re7 37. Ne6 Rxb5 38. Nd8+ Ka6 39. Rxe7 Bxe7 40. Ne6 Bd6 41. Nxc7+ Bxc7 42. Rxc7 Rxb2 43. Rxg7 Rc2 0-1

[Event "GER MS-062 email"]
[Site "GER email"]
[Date "2008.09.29"]
[Round "?"]
[White "Gruhn, Thomas"]
[Black "Stavridis, Sotirios"]
[Result "0-1"]
[WhiteElo "2034"]
[BlackElo "1760"]
[PlyCount "52"]
[EventDate "2008.10.05"]
[EventType "tourn (corr)"]
[EventRounds "6"]
[EventCountry "GER"]
[SourceTitle "Corr 2011"]
[Source "ChessBase"]
[SourceDate "2010.08.31"]
[SourceVersion "1"]
[SourceVersionDate "2010.08.31"]
[SourceQuality "1"]

1. e4 e6 2. d4 d5 3. Nc3 Bb4 4. e5 c5 5. a3 Bxc3+ 6. bxc3 Qa5 7. Bd2 Qa4 8. Rb1 c4 9. Qc1 Nc6 10. h4 b6 11. h5 Bd7 12. Nf3 0-0-0 13. Bf4 f6 14. Be2 Rf8 15. 0-0 Nge7 16. h6 g5 17. Bh2 fxe5 18. Nxe5 Rhg8 19. Re1 Nxe5 20. Bxe5 Nf5 21. Rb4 Qa6 22. a4 g4 23. a5 b5 24. Qa3 Rf7 25. Rbb1 Kb7 26. Bf4 Qc6 0-1

[Event "GER-ch38 V06 email"]
[Site "GER email"]
[Date "2007.??.??"]
[Round "?"]
[White "Blask, Gerhard"]
[Black "Gruhn, Thomas"]
[Result "1/2-1/2"]
[WhiteElo "2134"]
[BlackElo "2046"]
[PlyCount "77"]
[EventDate "2007.??.??"]
[EventType "tourn (corr)"]
[EventRounds "8"]
[EventCountry "GER"]
[SourceTitle "Corr 2008"]
[Source "ChessBase"]
[SourceDate "2008.06.24"]
[SourceVersion "1"]
[SourceVersionDate "2008.06.24"]
[SourceQuality "1"]

1. g3 d5 2. d4 Nf6 3. Nf3 c6 4. Nc3 Bf5 5. Bg2 h6 6. 0-0 e6 7. Nd2 Be7 8. e4 Bg6 9. e5 Nfd7 10. Ne2 0-0 11. Nf4 Bh7 12. Re1 Na6 13. a3 Qb6 14. c3 Nc7 15. a4 a5 16. b3 Rac8 17. Nf3 Na6 18. Bf1 c5 19. Bb5 Rfd8 20. Be3 Qc7 21. Rc1 Qb8 22. Qe2 cxd4 23. cxd4 Nb4 24. Rxc8 Qxc8 25. Rc1 Nc6 26. Ne1 Qc7 27. Bd3 Bxd3 28. Qxd3 Rc8 29. Qd1 Ba3 30. Rc3 Qb6 31. Nfd3 Rc7 32. Qg4 Bf8 33. Qe2 Ndb8 34. Nc2 Na6 35. Nf4 Ncb4 36. Rxc7 Qxc7 37. Ne1 Qc3 38. Qd1 Be7 39. Kg2 1/2-1/2

[Event "GER-ch38 V06 email"]
[Site "GER email"]
[Date "2007.??.??"]
[Round "?"]
[White "Gruhn, Thomas"]
[Black "Gonschior, Manfred"]
[Result "1/2-1/2"]
[WhiteElo "2046"]
[BlackElo "2201"]
[PlyCount "93"]
[EventDate "2007.??.??"]
[EventType "tourn (corr)"]
[EventRounds "8"]
[EventCountry "GER"]
[SourceTitle "Corr 2008"]
[Source "ChessBase"]
[SourceDate "2008.06.24"]
[SourceVersion "1"]
[SourceVersionDate "2008.06.24"]
[SourceQuality "1"]

1. e4 e5 2. Nf3 Nf6 3. Nxe5 d6 4. Nf3 Nxe4 5. d4 d5 6. Bd3 Nc6 7. 0-0 Be7 8. c4 Nb4 9. Be2 0-0 10. a3 Nc6 11. cxd5 Qxd5 12. Nc3 Nxc3 13. bxc3 Bf5 14. Re1 Rfe8 15. Bf4 Rac8 16. Bd3 Qd7 17. Rb1 Bxd3 18. Qxd3 b6 19. d5 Bf6 20. c4 h6 21. h3 Re7 22. Rbd1 Na5 23. Rxe7 Bxe7 24. Re1 Bd6 25. Ne5 Qe7 26. Re3 Qf6 27. Bg3 Re8 28. Rf3 Qg5 29. Nxf7 Re1+ 30. Kh2 Bxg3+ 31. Rxg3 Qc1 32. Rf3 Nxc4 33. Nxh6+ Qxh6 34. Qxc4 Qd6+ 35. g3 Re8 36. Rf5 Rf8 37. Rxf8+ Kxf8 38. h4 Ke7 39. Kg2 b5 40. Qxb5 Qxa3 41. h5 a5 42. Qc4 Qd6 43. g4 Kf8 44. Qe4 Qe7 45. Qc2 Qg5 46. Qc5+ Kg8 47. Qc4 1/2-1/2